000 00351nam a2200157Ia 4500
003 Ost
005 20260225132541.0
008 260225s9999||||xx |||||||||||||| ||und||
040 _cfsic
041 _afre
082 _a658.8
100 _aPierre bourdieu
_eAuteur
245 0 _aSur la télévision /
245 0 _cPierre bourdieu
942 _cكتاب
999 _c33508
_d33508